Welding science,metallurcy and technology

Bibliographic Details
Main Author: Banerjee, Amaresh
Format: Book
Language:English
Published: New Delhi,India : New Central Book Agency (P) Ltd , 2009
Subjects:

MARC

LEADER 00000cam a2200000 7i4500
001 0000024392
005 20120511.0
008 120508s ii o eng
020 |a 8173815372 ,   |c RM107.00 
040 |a INS 
090 0 0 |a TS227   |b B36 2009 
100 1 |a Banerjee, Amaresh 
245 1 0 |a Welding science,metallurcy and technology   |c Amarjee Banerjee 
260 |a New Delhi,India :   |b New Central Book Agency (P) Ltd ,   |c 2009 
300 |a xx,285p. :   |b ill.b&w ;   |c 24cm. 
650 0 |a Welding 
999 |a 1000000871   |b BOOK   |c Open Shelf   |e Default branch